[Event "III Open Amatori"]
[Site "Arvier ITA"]
[Date "2013.01.02"]
[Round "1"]
[White "Baloire, Endy"]
[Black "Gennaro, Isabella"]
[WhiteElo "1961"]
[BlackElo "1658"]
[Result "1/2-1/2"]
[PlyCount "48"]
[EventDate "2013.01.02"]

1. d4 d5 2. Bf4 e6 3. e3 Nf6 4. Nf3 c5 5. c3 Nc6 6. Bd3 b6 7. Nbd2 Nh5 8. Bg3
cxd4 9. exd4 Nxg3 10. hxg3 h6 11. Ne5 Nxe5 12. dxe5 d4 13. Qa4+ Bd7 14. Qxd4
Qc7 15. Nf3 O-O-O 16. Be4 Bb5 17. Qe3 Kb8 18. b4 Be7 19. a4 Bg5 20. Nxg5 hxg5
21. Rxh8 Rxh8 22. Kd2 Qd7+ 23. Qd4 Bxa4 24. Qxd7 Bxd7 1/2-1/2

[Event "III Open Amatori"]
[Site "Arvier ITA"]
[Date "2013.01.02"]
[Round "1"]
[White "Belabbas, Abdellah"]
[Black "Lyabel, Giacomo"]
[WhiteElo "1860"]
[BlackElo "1449"]
[Result "1-0"]
[PlyCount "53"]
[EventDate "2013.01.02"]

1. d4 d5 2. e4 e6 3. Nc3 Nc6 4. a3 Nf6 5. Be3 dxe4 6. f3 exf3 7. Nxf3 Bd6 8.
Bc4 a6 9. Ng5 O-O 10. O-O b5 11. Ba2 Bb7 12. Qd3 Qe7 13. Rxf6 g6 14. Nge4 Rad8
15. Bg5 Qe8 16. Qe3 Be7 17. Rd1 Kh8 18. Ne2 e5 19. d5 Rd7 20. Rdf1 Nb8 21. N2c3
Rd8 22. d6 cxd6 23. Rxf7 Rxf7 24. Rxf7 Rd7 25. Rxh7+ Kxh7 26. Qh3+ Kg7 27. Qh6#
1-0

[Event "III Open Amatori"]
[Site "Arvier ITA"]
[Date "2013.01.02"]
[Round "1"]
[White "Benazzo, Angelo"]
[Black "Gromovs, Sergejs"]
[WhiteElo "1701"]
[BlackElo "2001"]
[Result "0-1"]
[PlyCount "90"]
[EventDate "2013.01.02"]

1. Nf3 h6 2. g3 g5 3. d4 Bg7 4. b3 d6 5. Bb2 e6 6. c4 Ne7 7. Qc2 O-O 8. e4 Nbc6
9. a3 g4 10. d5 gxf3 11. Bxg7 Kxg7 12. dxc6 Nxc6 13. Nd2 Qf6 14. Rd1 Nd4 15.
Qc3 c5 16. g4 e5 17. Rg1 Kh8 18. Rg3 Rg8 19. h3 Qf4 20. Rxf3 Nxf3+ 21. Nxf3
Qxe4+ 22. Be2 Qg6 23. Bd3 Qf6 24. Be4 Rb8 25. Ke2 b5 26. Nd2 b4 27. axb4 Rxb4
28. Qe3 Qf4 29. Qd3 Rb6 30. Rg1 f5 31. Bd5 Rg7 32. Rg3 fxg4 33. hxg4 Bxg4+ 34.
Bf3 Bf5 35. Be4 Rxg3 36. fxg3 Qg4+ 37. Kf2 Bxe4 38. Nxe4 Qf5+ 39. Ke3 Qg6 40.
Qd1 a5 41. g4 Qf7 42. Kd3 Qf4 43. Nd2 Qd4+ 44. Kc2 a4 45. Qf1 axb3+ 0-1

[Event "III Open Amatori"]
[Site "Arvier ITA"]
[Date "2013.01.02"]
[Round "1"]
[White "Bogatto, Mario"]
[Black "Cattaneo, Roger"]
[WhiteElo "1430"]
[BlackElo "1821"]
[Result "0-1"]
[PlyCount "78"]
[EventDate "2013.01.02"]

1. c4 e5 2. Nc3 Nc6 3. e3 Nf6 4. d4 exd4 5. exd4 d5 6. Nf3 Bg4 7. Be2 dxc4 8.
O-O Be7 9. Re1 O-O 10. Be3 Bxf3 11. Bxf3 Na5 12. Rc1 c6 13. Qc2 Nd5 14. Be4 h6
15. Nxd5 cxd5 16. Bf3 Qd7 17. Qd2 Nc6 18. a3 b5 19. Re2 b4 20. axb4 Bxb4 21.
Qc2 Na5 22. Rb1 Nb3 23. h3 a5 24. Bg4 f5 25. Bf3 f4 26. Bc1 Nxd4 27. Qd1 Nxe2+
28. Qxe2 Rad8 29. Bg4 Qd6 30. Bd2 Rde8 31. Qd1 d4 32. Bxb4 axb4 33. Qc2 Qc5 34.
b3 d3 35. Qxc4+ Qxc4 36. bxc4 d2 37. Bd1 Re1+ 38. Kh2 b3 39. c5 Kh8 0-1

[Event "III Open Amatori"]
[Site "Arvier ITA"]
[Date "2013.01.02"]
[Round "1"]
[White "Boschetti, Claudio"]
[Black "Doromeychuk, Anton"]
[WhiteElo "2138"]
[BlackElo "1774"]
[Result "1-0"]
[PlyCount "71"]
[EventDate "2013.01.02"]

1. e4 d6 2. d4 Nf6 3. Nc3 g6 4. Bg5 c6 5. f4 b5 6. Bd3 Bg7 7. e5 dxe5 8. dxe5
Nd5 9. Nxd5 Qxd5 10. Qe2 Na6 11. c4 bxc4 12. Bxc4 Qa5+ 13. Qd2 Qxd2+ 14. Kxd2
Rb8 15. b3 Nc5 16. Bh4 g5 17. fxg5 Bxe5 18. Re1 Bf4+ 19. Kc3 Bf5 20. Nf3 e5 21.
Nxe5 Ne4+ 22. Rxe4 Bxe4 23. Nxf7 Bg6 24. Re1+ Kd7 25. Nxh8 Rxh8 26. a4 Bxh2 27.
g3 Rf8 28. Be6+ Kd6 29. Bg4 Rf2 30. Rd1+ Kc5 31. b4+ Kb6 32. a5+ Kb5 33. Rd7
Bg1 34. Bd1 Rf7 35. Be2+ Ka4 36. Rd1 1-0

[Event "III Open Amatori"]
[Site "Arvier ITA"]
[Date "2013.01.02"]
[Round "1"]
[White "Brioschi, Camillo"]
[Black "Ljubisavljevic, Zivojin Z."]
[WhiteElo "1800"]
[BlackElo "2250"]
[Result "0-1"]
[PlyCount "92"]
[EventDate "2013.01.02"]

1. d4 d5 2. c4 dxc4 3. Nf3 c6 4. e3 b5 5. a4 e6 6. axb5 cxb5 7. b3 Nf6 8. bxc4
b4 9. Nbd2 Nc6 10. Bd3 Be7 11. Bb2 O-O 12. Qc2 g6 13. O-O Bb7 14. e4 Nh5 15.
Rfd1 Nb8 16. d5 exd5 17. cxd5 Nd7 18. Qa4 Nc5 19. Qb5 a5 20. Bc4 Ba6 21. Qxa5
Bxc4 22. Qxd8 Raxd8 23. Nxc4 Nxe4 24. Ra6 Bc5 25. Ne3 Nf4 26. Ng4 h5 27. Nf6+
Nxf6 28. Bxf6 Rxd5 29. Rda1 Rf5 30. Kf1 Ne6 31. Bh4 g5 32. Bg3 h4 33. Bd6 Bxd6
34. Rxd6 Rb8 35. Nd4 Nxd4 36. Rxd4 Rc5 37. Ke2 Kg7 38. Rb1 b3 39. Rb2 h3 40. g4
Rc2+ 41. Rd2 Re8+ 42. Kd1 Rc3 43. Re2 Rec8 44. Re3 Rc1+ 45. Ke2 R1c2+ 46. Rxc2
bxc2 0-1

[Event "III Open Amatori"]
[Site "Arvier ITA"]
[Date "2013.01.02"]
[Round "1"]
[White "Piazza, Giacomo"]
[Black "Serrajotto, Marino"]
[WhiteElo "1608"]
[BlackElo "1866"]
[Result "0-1"]
[PlyCount "110"]
[EventDate "2013.01.02"]

1. Nf3 d5 2. e3 Nf6 3. b3 g6 4. Bb2 Bg7 5. Be2 Nc6 6. a3 O-O 7. d3 Re8 8. O-O
Bf5 9. Nbd2 e5 10. Nh4 Be6 11. h3 e4 12. f4 Nh5 13. Bxg7 Nxg7 14. Qe1 Qe7 15.
d4 g5 16. f5 gxh4 17. f6 Qd6 18. fxg7 Qg3 19. Bg4 Bxg4 20. hxg4 Qxe1 21. Raxe1
Ne7 22. Kh2 Kxg7 23. g3 hxg3+ 24. Kxg3 c6 25. b4 Rf8 26. Rf2 Kg6 27. Rh1 f6 28.
Nb3 b6 29. Rfh2 Rh8 30. Rh6+ Kg7 31. R6h2 Raf8 32. Nc1 f5 33. Ne2 Ng6 34. gxf5
Rxf5 35. Nf4 Rg5+ 36. Kf2 Nxf4 37. exf4 Rg4 38. Rg2 Rxg2+ 39. Kxg2 h5 40. Kf2
Kf6 41. Ke3 h4 42. Rh3 Kf5 43. a4 Kg4 44. Rh1 Kf5 45. b5 cxb5 46. axb5 h3 47.
Rh2 Kg4 48. c4 Kg3 49. Rh1 Kg2 50. Rd1 dxc4 51. d5 h2 52. Kd4 h1=Q 53. Rxh1
Kxh1 54. d6 Rd8 55. Kd5 e3 0-1

[Event "III Open Amatori"]
[Site "Arvier ITA"]
[Date "2013.01.02"]
[Round "1"]
[White "Pierantoni, Mauro"]
[Black "Triglia, Guglielmo"]
[WhiteElo "1810"]
[BlackElo "1413"]
[Result "1-0"]
[PlyCount "97"]
[EventDate "2013.01.02"]

1. e4 c6 2. d4 d5 3. e5 e6 4. f4 g6 5. Nf3 Bg7 6. Bd3 Ne7 7. O-O O-O 8. c3 b6
9. Na3 Ba6 10. Nc2 Bxd3 11. Qxd3 Nf5 12. g4 Nh4 13. Nxh4 Qxh4 14. Qg3 Qxg3+ 15.
hxg3 c5 16. f5 gxf5 17. gxf5 exf5 18. Rxf5 cxd4 19. Nxd4 Nd7 20. Bf4 Rfe8 21.
Re1 f6 22. e6 Ne5 23. Bxe5 fxe5 24. Nb5 Re7 25. Rg5 Rxe6 26. Nc7 h6 27. Rxg7+
Kxg7 28. Nxe6+ Kf6 29. Nc7 Rc8 30. Nxd5+ Ke6 31. Nf4+ Kf5 32. Nd3 e4 33. Nf2
Re8 34. Kg2 h5 35. Nd1 Kg4 36. Ne3+ Kg5 37. Rf1 Re5 38. Rf7 a5 39. a4 h4 40. g4
b5 41. axb5 Rxb5 42. Rf5+ Rxf5 43. gxf5 Kf4 44. Kh3 Kxe3 45. f6 Kd3 46. f7 e3
47. f8=Q e2 48. Qf2 Kd2 49. c4 1-0

[Event "III Open Amatori"]
[Site "Arvier ITA"]
[Date "2013.01.02"]
[Round "1"]
[White "Tedesco, Fernando"]
[Black "Marguerettaz, Davy"]
[WhiteElo "1798"]
[BlackElo "2199"]
[Result "0-1"]
[PlyCount "60"]
[EventDate "2013.01.02"]

1. e4 c5 2. Nf3 Nc6 3. Nc3 g6 4. d3 Bg7 5. Bd2 e6 6. Qc1 Rb8 7. Be2 d6 8. O-O
b5 9. Nd1 a5 10. g3 b4 11. Ne3 a4 12. Rb1 Nge7 13. Ng2 O-O 14. Bh6 e5 15. Bxg7
Kxg7 16. c4 bxc3 17. bxc3 Be6 18. Rxb8 Qxb8 19. a3 Bb3 20. Nd2 Na5 21. c4 Nec6
22. Re1 Nd4 23. Ne3 Qb7 24. Nd5 Bc2 25. Bf1 Nab3 26. Nxb3 axb3 27. Qe3 b2 28.
Nc3 Qb3 29. Nb1 Bxb1 30. Rxb1 Qc2 0-1

[Event "III Open Amatori"]
[Site "Arvier ITA"]
[Date "2013.01.02"]
[Round "1"]
[White "Yeuillaz, Corrado"]
[Black "Bianchi, Simone"]
[WhiteElo "2239"]
[BlackElo "1600"]
[Result "1-0"]
[PlyCount "63"]
[EventDate "2013.01.02"]

1. e4 d5 2. exd5 Nf6 3. d4 Nxd5 4. Nf3 Bg4 5. Be2 e6 6. O-O Nd7 7. c4 N5b6 8.
b3 Be7 9. Bb2 O-O 10. Nbd2 Bf5 11. Re1 Bf6 12. Nf1 Re8 13. Ng3 Bg6 14. Bd3 Bxd3
15. Qxd3 c5 16. Rad1 Qc7 17. Ne4 cxd4 18. Nxd4 Rad8 19. Nb5 Qb8 20. Bxf6 Nxf6
21. Nxf6+ gxf6 22. Nd6 Kf8 23. Qg3 Re7 24. Qf4 Nd7 25. Qh6+ Kg8 26. Nf5 exf5
27. Rxe7 Ne5 28. Rd5 Ng4 29. Qh5 Rf8 30. Rxf5 Ne5 31. Rexe5 fxe5 32. Qg5+ 1-0

[Event "III Open Amatori"]
[Site "Arvier ITA"]
[Date "2013.01.03"]
[Round "2"]
[White "Bianchi, Simone"]
[Black "Piazza, Giacomo"]
[WhiteElo "1600"]
[BlackElo "1608"]
[Result "1-0"]
[PlyCount "89"]
[EventDate "2013.01.02"]

1. e4 b6 2. d4 Bb7 3. Nc3 e6 4. Nf3 Bb4 5. Bd3 d5 6. e5 Nd7 7. O-O h6 8. Ne2
Be7 9. Re1 f5 10. Ng3 Nf8 11. Bxf5 exf5 12. Nxf5 g6 13. Ng3 Nh7 14. Qd3 Nf8 15.
e6 Qd6 16. Bd2 O-O-O 17. a3 c6 18. Bb4 Qc7 19. Ne5 Rh7 20. Nxg6 Nxg6 21. Qxg6
Bxb4 22. axb4 Rg7 23. Qd3 Ne7 24. Rxa7 Kb8 25. Ra3 b5 26. Qd2 Rg6 27. f4 Rf8
28. f5 Rgf6 29. Rf3 h5 30. Re5 Rh8 31. h4 Ng8 32. Qg5 Rfh6 33. f6 Qh7 34. e7
Nxf6 35. Rxf6 Rxf6 36. Qxf6 Re8 37. Nf5 Bc8 38. Qxc6 Rg8 39. Qxb5+ Ka7 40. Qc5+
Kb8 41. Qxc8+ Rxc8 42. e8=Q Qc7 43. Qb5+ Ka8 44. Qxd5+ Ka7 45. Re7 1-0

[Event "III Open Amatori"]
[Site "Arvier ITA"]
[Date "2013.01.03"]
[Round "2"]
[White "Cattaneo, Roger"]
[Black "Baloire, Endy"]
[WhiteElo "1821"]
[BlackElo "1961"]
[Result "1/2-1/2"]
[PlyCount "107"]
[EventDate "2013.01.02"]

1. e4 c6 2. Nf3 d5 3. exd5 cxd5 4. d4 Nc6 5. Bf4 g6 6. Nbd2 Bg7 7. c3 Nh6 8.
Bb5 O-O 9. Bxc6 bxc6 10. O-O f6 11. Nb3 Re8 12. Re1 Nf7 13. h3 e5 14. Bh2 e4
15. Nfd2 f5 16. Nc5 g5 17. b4 f4 18. a4 a6 19. Ndb3 Qf6 20. Qe2 Nh6 21. b5 axb5
22. axb5 Rxa1 23. Nxa1 cxb5 24. Qxb5 Qf7 25. Nc2 Rf8 26. Rf1 g4 27. h4 f3 28.
Ne3 Nf5 29. Nxf5 Qxf5 30. Bd6 fxg2 31. Kxg2 Rf7 32. Qe8+ Bf8 33. Qe5 Bxd6 34.
Qxd6 e3 35. Qd8+ Kg7 36. Qg5+ Qxg5 37. hxg5 exf2 38. g6 Kxg6 39. Nd3 Kg5 40.
Nxf2 h5 41. Ne4+ dxe4 42. Rxf7 h4 43. Rf8 Be6 44. Re8 Bf5 45. d5 Kf4 46. d6 e3
47. Re7 h3+ 48. Kg1 g3 49. d7 Bxd7 50. Rxd7 e2 51. Re7 Kf3 52. Rf7+ Ke3 53.
Re7+ Kd2 54. Rd7+ 1/2-1/2

[Event "III Open Amatori"]
[Site "Arvier ITA"]
[Date "2013.01.03"]
[Round "2"]
[White "Doromeychuk, Anton"]
[Black "Bogatto, Mario"]
[WhiteElo "1774"]
[BlackElo "1430"]
[Result "1/2-1/2"]
[PlyCount "32"]
[EventDate "2013.01.02"]

1. d4 d5 2. Nf3 e6 3. c4 c6 4. Nc3 Nf6 5. e3 Be7 6. Bd3 dxc4 7. Bxc4 b5 8. Bd3
a5 9. e4 Ba6 10. Bg5 b4 11. Na4 Bxd3 12. Qxd3 Nfd7 13. Bxe7 Qxe7 14. Rc1 O-O
15. O-O Rd8 16. Nc5 Nxc5 1/2-1/2

[Event "III Open Amatori"]
[Site "Arvier ITA"]
[Date "2013.01.03"]
[Round "2"]
[White "Gennaro, Isabella"]
[Black "Brioschi, Camillo"]
[WhiteElo "1658"]
[BlackElo "1800"]
[Result "0-1"]
[PlyCount "104"]
[EventDate "2013.01.02"]

1. e4 e5 2. Nf3 Nc6 3. Bb5 a6 4. Ba4 Nf6 5. O-O Be7 6. Re1 b5 7. Bb3 O-O 8. c3
d5 9. exd5 Nxd5 10. Nxe5 Nxe5 11. Rxe5 c6 12. d4 Bd6 13. Re1 Qh4 14. g3 Qh3 15.
Qf3 Bg4 16. Qg2 Qh5 17. Be3 Rae8 18. Nd2 Re6 19. Bxd5 cxd5 20. f3 Bh3 21. Qf2
f5 22. f4 Bg4 23. Nf1 Rfe8 24. b3 R8e7 25. c4 bxc4 26. bxc4 Bb4 27. Reb1 Bc3
28. Rb8+ Kf7 29. Rab1 Bxd4 30. R1b7 Bxe3 31. Rxe7+ Kxe7 32. Nxe3 d4 33. Nd5+
Kd7 34. Qd2 Re2 35. Rb7+ Kc8 36. Rb8+ Kd7 37. Rb7+ Ke8 38. Nc7+ Kd7 39. Qxd4+
Kc8 40. Rb8+ Kxb8 41. Nxa6+ Kc8 42. Qc5+ Kd8 43. Qd6+ Ke8 44. Nc7+ Kf7 45. Qd5+
Ke7 46. Qc5+ Kd7 47. Qd5+ Kxc7 48. Qc5+ Kd7 49. Qd5+ Ke7 50. Qb7+ Kf6 51. Qb6+
Re6 52. Qd4+ Kg6 0-1

[Event "III Open Amatori"]
[Site "Arvier ITA"]
[Date "2013.01.03"]
[Round "2"]
[White "Gromovs, Sergejs"]
[Black "Yeuillaz, Corrado"]
[WhiteElo "2001"]
[BlackElo "2239"]
[Result "1-0"]
[PlyCount "35"]
[EventDate "2013.01.02"]

1. d4 d5 2. c4 e6 3. Nc3 Nf6 4. Nf3 Nbd7 5. cxd5 exd5 6. Bg5 c6 7. e3 Bd6 8.
Bd3 Nf8 9. Qc2 Bg4 10. Ne5 Be6 11. f4 Be7 12. f5 Bc8 13. O-O N8d7 14. Nf3 O-O
15. Rae1 Re8 16. Bf4 Nh5 17. Nxd5 Nxf4 18. Nxf4 1-0

[Event "III Open Amatori"]
[Site "Arvier ITA"]
[Date "2013.01.03"]
[Round "2"]
[White "Ljubisavljevic, Zivojin Z."]
[Black "Belabbas, Abdellah"]
[WhiteElo "2250"]
[BlackElo "1860"]
[Result "1-0"]
[PlyCount "63"]
[EventDate "2013.01.02"]

1. d4 Nf6 2. c3 e6 3. Bg5 d5 4. Nd2 Nbd7 5. f4 Be7 6. e3 c5 7. Bd3 b6 8. Qf3
Bb7 9. Ne2 h6 10. Bxf6 Nxf6 11. O-O O-O 12. g4 g5 13. h4 Ne4 14. Nxe4 dxe4 15.
Bxe4 Bxe4 16. Qxe4 gxh4 17. Kg2 Qd7 18. f5 Bg5 19. fxe6 Qxe6 20. Qxe6 fxe6 21.
Nf4 Rf6 22. Kf3 Kf7 23. Ke4 Ke7 24. Nd3 c4 25. Ne5 b5 26. a4 a6 27. Rxf6 Bxf6
28. axb5 Bxe5 29. dxe5 h3 30. bxa6 h2 31. Rh1 Rxa6 32. Rxh2 1-0

[Event "III Open Amatori"]
[Site "Arvier ITA"]
[Date "2013.01.03"]
[Round "2"]
[White "Lyabel, Giacomo"]
[Black "Tedesco, Fernando"]
[WhiteElo "1449"]
[BlackElo "1798"]
[Result "0-1"]
[PlyCount "64"]
[EventDate "2013.01.02"]

1. e4 e6 2. d4 d5 3. e5 c5 4. c3 cxd4 5. cxd4 Ne7 6. Nf3 Ng6 7. Nc3 Bd7 8. Be2
Be7 9. O-O O-O 10. Bd2 a6 11. a3 Qb6 12. b4 Rc8 13. Rc1 Qd8 14. Rc2 Bc6 15. Qc1
Nd7 16. h3 b5 17. Nb1 Bb7 18. Bd3 Rxc2 19. Bxc2 Rc8 20. Qb2 Nb6 21. Bb3 Nc4 22.
Bxc4 dxc4 23. Rd1 Bxf3 24. gxf3 Bg5 25. Nc3 Nh4 26. Ne4 Bxd2 27. Nxd2 c3 28.
Qa2 cxd2 29. Kf1 Nxf3 30. Qb1 Qxd4 31. Ke2 Rc3 32. Qb2 Qd3# 0-1

[Event "III Open Amatori"]
[Site "Arvier ITA"]
[Date "2013.01.03"]
[Round "2"]
[White "Marguerettaz, Davy"]
[Black "Pierantoni, Mauro"]
[WhiteElo "2199"]
[BlackElo "1810"]
[Result "1-0"]
[PlyCount "35"]
[EventDate "2013.01.02"]

1. d4 e6 2. c4 d6 3. e4 g6 4. Nc3 Bg7 5. Be3 Ne7 6. Qd2 Nbc6 7. Nf3 O-O 8. Be2
e5 9. d5 Nb8 10. O-O a6 11. c5 dxc5 12. Bxc5 Nd7 13. Ba3 Re8 14. Rfd1 b5 15.
Rac1 Rb8 16. d6 Nc6 17. Nd5 cxd6 18. Rxc6 1-0

[Event "III Open Amatori"]
[Site "Arvier ITA"]
[Date "2013.01.03"]
[Round "2"]
[White "Serrajotto, Marino"]
[Black "Boschetti, Claudio"]
[WhiteElo "1866"]
[BlackElo "2138"]
[Result "0-1"]
[PlyCount "66"]
[EventDate "2013.01.02"]

1. e4 e5 2. Nf3 Nc6 3. Bb5 a6 4. Bxc6 dxc6 5. Nc3 Qd6 6. d4 exd4 7. Qxd4 Qxd4
8. Nxd4 Bd7 9. Bd2 O-O-O 10. f3 Re8 11. O-O-O b5 12. Nb3 Nf6 13. Bg5 h6 14. Be3
Bb4 15. Nb1 Bd6 16. Nc3 Rhg8 17. a3 Be6 18. Na5 c5 19. Bf2 Nd7 20. Nd5 f5 21.
exf5 Bxf5 22. Rhe1 Be6 23. g3 Rgf8 24. f4 g5 25. Nc6 Bxd5 26. Rxe8+ Rxe8 27.
Rxd5 gxf4 28. Kd1 Nf6 29. Rd2 Ne4 30. Re2 f3 31. Re3 Nxf2+ 32. Kd2 Ne4+ 33. Kd3
c4+ 0-1

[Event "III Open Amatori"]
[Site "Arvier ITA"]
[Date "2013.01.02"]
[Round "2"]
[White "Triglia, Guglielmo"]
[Black "Benazzo, Angelo"]
[WhiteElo "1413"]
[BlackElo "1701"]
[Result "0-1"]
[PlyCount "74"]
[EventDate "2013.01.02"]

1. e4 c5 2. Nf3 d6 3. Nc3 Nf6 4. Bc4 e6 5. d3 Be7 6. O-O O-O 7. Bg5 Nbd7 8. Re1
Ne5 9. b3 a6 10. d4 Nxc4 11. bxc4 cxd4 12. Nxd4 Qa5 13. Bd2 Qc7 14. Qe2 Re8 15.
e5 dxe5 16. Qxe5 Bd6 17. Qg5 h6 18. Qh4 Qxc4 19. g3 Bd7 20. Nde2 Qxh4 21. gxh4
Rac8 22. Rab1 b5 23. Nd4 Bc5 24. Be3 Ng4 25. h3 Ne5 26. a4 Bxd4 27. Bxd4 Nf3+
28. Kf1 Nxd4 29. Red1 Rxc3 30. Rxd4 Bc6 31. axb5 axb5 32. Rd6 Rxc2 33. f4 Ra8
34. Ke1 Raa2 35. Kd1 Rh2 36. Kc1 Rac2+ 37. Kd1 Bf3+ 0-1

[Event "III Open Amatori"]
[Site "Arvier ITA"]
[Date "2013.01.04"]
[Round "3"]
[White "Baloire, Endy"]
[Black "Brioschi, Camillo"]
[WhiteElo "1961"]
[BlackElo "1800"]
[Result "1-0"]
[PlyCount "63"]
[EventDate "2013.01.02"]

1. d4 Nf6 2. Bf4 d5 3. Nf3 e6 4. e3 Bd6 5. Bg3 c6 6. Nbd2 Qc7 7. Ne5 Nbd7 8. f4
c5 9. c3 O-O 10. Bd3 Re8 11. Bh4 Be7 12. g4 c4 13. Bc2 Ne4 14. Bxe7 Nxd2 15.
Kxd2 Rxe7 16. g5 Nf8 17. Qg4 b5 18. h4 a5 19. h5 g6 20. Qh4 b4 21. hxg6 fxg6
22. Nxg6 Nxg6 23. Bxg6 bxc3+ 24. bxc3 Rb8 25. Bc2 Rg7 26. g6 Rb2 27. gxh7+ Kh8
28. Rag1 Rb7 29. Qf6 Qd6 30. Rxg7 Rxg7 31. Rg1 Qe7 32. Rxg7 1-0

[Event "III Open Amatori"]
[Site "Arvier ITA"]
[Date "2013.01.04"]
[Round "3"]
[White "Belabbas, Abdellah"]
[Black "Bianchi, Simone"]
[WhiteElo "1860"]
[BlackElo "1600"]
[Result "1/2-1/2"]
[PlyCount "76"]
[EventDate "2013.01.02"]

1. d4 d5 2. Nc3 Nf6 3. e4 dxe4 4. f3 exf3 5. Nxf3 Bg4 6. h3 Bh5 7. g4 Bg6 8.
Ne5 c6 9. Bg2 e6 10. Bg5 Bb4 11. O-O O-O 12. Ne2 Be7 13. h4 h6 14. Bxf6 Bxf6
15. Nxg6 fxg6 16. Qd3 g5 17. h5 Nd7 18. Rad1 Qb6 19. Kh1 Rad8 20. c3 Be7 21.
Ng3 Rxf1+ 22. Rxf1 Nf6 23. Qe2 c5 24. dxc5 Bxc5 25. b4 Be3 26. Qc4 Kf8 27. Ne4
Bf4 28. Nc5 Ke7 29. Re1 e5 30. Bf3 Rd2 31. a4 Rh2+ 32. Kg1 Rd2 33. a5 Qd6 34.
Nxb7 Qd3 35. Qc7+ Nd7 36. Qc6 Bg3 37. Nc5 Nxc5 38. Qxc5+ Kf6 1/2-1/2

[Event "III Open Amatori"]
[Site "Arvier ITA"]
[Date "2013.01.04"]
[Round "3"]
[White "Boschetti, Claudio"]
[Black "Ljubisavljevic, Zivojin Z."]
[WhiteElo "2138"]
[BlackElo "2250"]
[Result "0-1"]
[PlyCount "82"]
[EventDate "2013.01.02"]

1. e4 g6 2. d4 Bg7 3. Nc3 d6 4. h4 h5 5. Be2 Nc6 6. Nf3 Bg4 7. Be3 Bxf3 8. Bxf3
e5 9. Ne2 Nh6 10. d5 Ne7 11. c4 b6 12. Nc3 Qd7 13. Be2 Ng4 14. Bg5 a6 15. f3
Nh6 16. Qd2 f6 17. Be3 f5 18. b4 Nf7 19. c5 bxc5 20. bxc5 dxc5 21. Bxc5 Nd6 22.
a4 O-O 23. g4 hxg4 24. fxg4 Nxe4 25. Nxe4 fxe4 26. h5 Rf4 27. h6 Bf6 28. d6
cxd6 29. Qa2+ Kh8 30. Rd1 d5 31. Bxe7 Qxe7 32. Rxd5 e3 33. Qb3 Rd8 34. Rd3 Rxd3
35. Bxd3 Rb4 36. Qc2 e4 37. Qc8+ Kh7 38. Bc4 Bh4+ 39. Ke2 Rb2+ 40. Kxe3 Bf2+
41. Kf4 Qf6+ 0-1

[Event "III Open Amatori"]
[Site "Arvier ITA"]
[Date "2013.01.04"]
[Round "3"]
[White "Gennaro, Isabella"]
[Black "Doromeychuk, Anton"]
[WhiteElo "1658"]
[BlackElo "1774"]
[Result "0-1"]
[PlyCount "44"]
[EventDate "2013.01.02"]

1. e4 d6 2. d4 Nf6 3. Nc3 g6 4. f4 Bg7 5. Nf3 O-O 6. h3 c5 7. e5 Nh5 8. g4 Ng3
9. Rg1 cxd4 10. Qxd4 Nc6 11. Qe3 Nxf1 12. Rxf1 dxe5 13. f5 Nd4 14. Qd3 gxf5 15.
Nxd4 exd4 16. Ne2 fxg4 17. hxg4 e5 18. Rh1 f5 19. g5 Qb6 20. b3 Qg6 21. Ba3 Re8
22. Qg3 f4 0-1

[Event "III Open Amatori"]
[Site "Arvier ITA"]
[Date "2013.01.04"]
[Round "3"]
[White "Gromovs, Sergejs"]
[Black "Marguerettaz, Davy"]
[WhiteElo "2001"]
[BlackElo "2199"]
[Result "1-0"]
[PlyCount "87"]
[EventDate "2013.01.02"]

1. d4 d5 2. c4 c6 3. Nf3 Nf6 4. Nc3 dxc4 5. a4 Na6 6. e3 Bg4 7. Bxc4 e6 8. h3
Bh5 9. O-O Nb4 10. a5 Be7 11. b3 O-O 12. Bb2 a6 13. e4 Bxf3 14. gxf3 Qc7 15.
Ne2 Rad8 16. Qd2 c5 17. Rfc1 cxd4 18. Bxa6 Qb8 19. Bd3 Nc6 20. Ra4 Ne5 21. Kg2
Ng6 22. f4 Nh5 23. e5 Nhxf4+ 24. Nxf4 Bg5 25. Bxg6 fxg6 26. Rxd4 Rxd4 27. Qxd4
Bxf4 28. Rc4 Qa8 29. Qb6 Bd2 30. b4 Qa6 31. Qxa6 bxa6 32. Bd4 Rb8 33. Bc5 g5
34. Rd4 Bc3 35. Re4 Kf7 36. Kf3 Kg6 37. Re3 Bb2 38. Ke4 Rb5 39. Rd3 h5 40. Rd6
g4 41. Rxe6+ Kf7 42. Re7+ Kg6 43. hxg4 hxg4 44. Re6+ 1-0

[Event "III Open Amatori"]
[Site "Arvier ITA"]
[Date "2013.01.04"]
[Round "3"]
[White "Piazza, Giacomo"]
[Black "Lyabel, Giacomo"]
[WhiteElo "1608"]
[BlackElo "1449"]
[Result "1-0"]
[PlyCount "33"]
[EventDate "2013.01.02"]

1. Nf3 d5 2. e3 c6 3. c4 e6 4. b3 Nf6 5. a3 Bd6 6. Bb2 O-O 7. Be2 e5 8. O-O e4
9. Nd4 Re8 10. f4 exf3 11. Nxf3 dxc4 12. Bxc4 Nfd7 13. Bxf7+ Kxf7 14. Ng5+ Kg8
15. Qh5 Nf6 16. Bxf6 Bxh2+ 17. Kxh2 1-0

[Event "III Open Amatori"]
[Site "Arvier ITA"]
[Date "2013.01.04"]
[Round "3"]
[White "Pierantoni, Mauro"]
[Black "Benazzo, Angelo"]
[WhiteElo "1810"]
[BlackElo "1701"]
[Result "0-1"]
[PlyCount "66"]
[EventDate "2013.01.02"]

1. e4 c5 2. b4 cxb4 3. Bb2 d6 4. d4 Nf6 5. Bd3 Nc6 6. Ne2 e6 7. O-O Be7 8. Nd2
O-O 9. Ng3 Bd7 10. f4 d5 11. e5 Ne8 12. Qh5 g6 13. Qh6 f5 14. exf6 Bxf6 15. Nf3
Bg7 16. Qh3 e5 17. Qh4 e4 18. Ng5 h6 19. N3xe4 Bf5 20. Rae1 dxe4 21. Bc4+ Kh8
22. Nf7+ Rxf7 23. Qxd8 Rxd8 24. Bxf7 Bxd4+ 25. Bxd4+ Nxd4 26. Rf2 Nd6 27. Bd5
Rd7 28. Rd2 N4b5 29. Bc4 Nc3 30. Kf2 e3+ 31. Rxe3 Nde4+ 32. Rxe4 Nxe4+ 33. Ke3
Nxd2 0-1

[Event "III Open Amatori"]
[Site "Arvier ITA"]
[Date "2013.01.04"]
[Round "3"]
[White "Tedesco, Fernando"]
[Black "Serrajotto, Marino"]
[WhiteElo "1798"]
[BlackElo "1866"]
[Result "0-1"]
[PlyCount "100"]
[EventDate "2013.01.02"]

1. e4 c5 2. d3 g6 3. Bd2 Bg7 4. Qc1 Nc6 5. c3 d5 6. exd5 Qxd5 7. c4 Qe5+ 8. Be2
Qxb2 9. Qxb2 Bxb2 10. Bc3 Bxa1 11. Bxa1 Nf6 12. Bxf6 exf6 13. Nf3 O-O 14. O-O
Re8 15. Nc3 Nd4 16. Nxd4 cxd4 17. Ne4 Kg7 18. Bf3 Rb8 19. h3 b6 20. Rb1 Ba6 21.
Rb2 Red8 22. a4 Bb7 23. Nd2 Bxf3 24. Nxf3 Rbc8 25. g3 Rc5 26. Kf1 Ra5 27. Rb4
h6 28. Kg2 Kf8 29. Nd2 Re5 30. Nf3 Re6 31. Rb2 Rd7 32. Kf1 Ke8 33. Ra2 Kd8 34.
a5 bxa5 35. Rxa5 Rb6 36. Ra2 Rb1+ 37. Kg2 Rb3 38. Rd2 Kc7 39. Ng1 Kc6 40. Ne2
Kc5 41. g4 Rdb7 42. Ng3 Rb2 43. Ne4+ Kc6 44. Rd1 Rb1 45. Rd2 R7b2 46. Rxb2 Rxb2
47. Kf3 a5 48. Nxf6 a4 49. Ke4 a3 50. Kxd4 a2 0-1

[Event "III Open Amatori"]
[Site "Arvier ITA"]
[Date "2013.01.04"]
[Round "3"]
[White "Yeuillaz, Corrado"]
[Black "Cattaneo, Roger"]
[WhiteElo "2239"]
[BlackElo "1821"]
[Result "1-0"]
[PlyCount "57"]
[EventDate "2013.01.02"]

1. e4 e5 2. Nf3 Nf6 3. Nxe5 Qe7 4. Nf3 Qxe4+ 5. Be2 d5 6. O-O Be6 7. d4 h6 8.
c4 Nbd7 9. Nc3 Qh7 10. Bd3 g6 11. cxd5 Nxd5 12. Nxd5 Bxd5 13. Re1+ Kd8 14. Bf4
f5 15. Qc2 c6 16. Ne5 Qg7 17. Bc4 Bxc4 18. Qxc4 Rh7 19. Qe6 Nxe5 20. dxe5 g5
21. Bd2 Qd7 22. Ba5+ b6 23. Rad1 bxa5 24. Qxc6 Rc8 25. Qf6+ Ke8 26. Rxd7 Rxd7
27. e6 Rdc7 28. Qg6+ Ke7 29. Rd1 1-0